000 00824nam a2200229Ia 4500
001 8541
003 GE_BSU
008 181216s||||||||xx |||||||||||||| ||und||
040 _cGE_BSU
080 _a821.353.1-1
100 _aვარშანიძე,მამია.
245 _aაჰა მოვედი შენამდე მაინც.
245 _bლექსები.
245 _cრედ:ზ.ფირცხალაიშვილი;მხატვ:რედ:გ.გუჯაბიძე.
260 _aბათუმი.
260 _bსაბჭ.საქართველო
260 _c1990.
300 _a80გვ;1ფ.პორტრ.16სმ.
653 _aაჰა მოვედი შენამდე მაინც.
653 _aლექსები.
942 _cBK
999 _c41858
_d41858